[Event "It"]
[Site "Kramatorsk UKR"]
[Date "2003.08.05"]
[Round "11"]
[White "Maiorov,O"]
[Black "Lahno,Kateri"]
[Result "0-1"]
[WhiteElo "2455"]
[BlackElo "2439"]

1.e4 d6 2.d4 Nf6 3.Nc3 g6 4.Be2 Bg7 5.h4 c5 6.dxc5 Qa5 7.Qd3 Qxc5 8.h5 gxh5
9.Be3 Qa5 10.O-O-O Nc6 11.Kb1 Be6 12.a3 O-O-O 13.f3 d5 14.Qb5 Qxb5 15.Nxb5 a6
16.Nd4 Nxd4 17.Bxd4 dxe4 18.Bxf6 Bxf6 19.fxe4 Rxd1+ 20.Bxd1 Rg8 21.Bf3 Bg4
22.Ne2 h4 23.Nf4 Bxf3 24.gxf3 Rg3 25.Nh5 Rxf3 26.Nxf6 Rxf6 27.Rxh4 h6 28.b4 Kd7
29.Kb2 Kd6 30.Rh5 Re6 31.c4 Rxe4 32.Rxh6+ e6 33.Rh7 Rxc4 34.Rxf7 Rc7 35.Rf1 e5
36.Rd1+ Ke6 37.Re1 Kf5 38.Rf1+ Kg4 39.Re1 Kf4 40.Rf1+ Kg3 41.Re1 Re7 42.Kc3 Kf2
43.Re4 Kf3 44.Rh4 Rd7 45.Rh3+ Kg4 46.Re3 Kf4 47.Re1 e4 48.Rf1+ Ke3 49.Rf8 Ke2
50.Kc2 e3 51.Rf6 Rc7+ 52.Kb2 Kd2 53.Rd6+ Ke1 54.Rf6 e2 55.Rf8 Rc4 56.Kb3 b5  0-1

[Event "It"]
[Site "Kramatorsk UKR"]
[Date "2003.08.05"]
[Round "12"]
[White "Lahno,Kateri"]
[Black "Kuzmin,Ge"]
[Result "1-0"]
[WhiteElo "2439"]
[BlackElo "2516"]

1.e4 c5 2.Nf3 Nc6 3.d4 cxd4 4.Nxd4 Nf6 5.Nc3 d6 6.Bg5 e6 7.Qd2 a6 8.O-O-O Bd7
9.f3 h6 10.Be3 Be7 11.g4 Qc7 12.h4 O-O-O 13.Qf2 Ne5 14.Nb3 Nfxg4 15.fxg4 Nxg4
16.Qf3 Nxe3 17.Qxe3 Bf6 18.Be2 Kb8 19.Kb1 Rc8 20.Qf4 Bc6 21.Qxd6 Qxd6 22.Rxd6 Bxc3
23.bxc3 Bxe4 24.Rf1 Rc7 25.h5 g5 26.hxg6 Bxg6 27.c4 h5 28.Bd3 Bxd3 29.cxd3 h4
30.Rd4 f5 31.Rh1 h3 32.Rf4 Rg7 33.Rf2 Kc7 34.Rhh2 Rg3 35.Kc2 Kd6 36.Nd2 Ke7
37.Rf3  1-0

[Event "It"]
[Site "Kramatorsk UKR"]
[Date "2003.08.07"]
[Round "14"]
[White "Lahno,Kateri"]
[Black "Andreev,Ed"]
[Result "1-0"]
[WhiteElo "2439"]
[BlackElo "2490"]

1.e4 c5 2.Nf3 d6 3.d4 cxd4 4.Nxd4 Nf6 5.Nc3 Nc6 6.Bg5 Bd7 7.Qd2 Rc8 8.f4 Nxd4
9.Qxd4 Qa5 10.e5 dxe5 11.fxe5 e6 12.O-O-O Bc6 13.Nb5 Bxb5 14.exf6 Bc6 15.h4 Rg8
16.Bc4 gxf6 17.Rhe1 fxg5 18.Bxe6 fxe6 19.Qf6 Qxe1 20.Rxe1 Rc7 21.Qxe6+ Re7
22.Qc8+ Kf7 23.Rf1+ Kg7 24.Qd8 Re6 25.Qd4+ Kg6 26.Qc4 Bd7 27.Qd3+ Kh5 28.Qxh7+  1-0

[Event "ECC"]
[Site "Rethymnon GRE"]
[Date "2003.09.28"]
[Round "1"]
[White "Lenz,A"]
[Black "Lahno,Kateri"]
[Result "0-1"]
[WhiteElo "2189"]
[BlackElo "2439"]

1.c4 Nf6 2.Nf3 e6 3.Nc3 Bb4 4.Qc2 O-O 5.a3 Bxc3 6.Qxc3 b6 7.e3 Bb7 8.b4 d6
9.Bb2 a5 10.Be2 Nbd7 11.O-O e5 12.d4 Ne4 13.Qc2 Qe7 14.Rfd1 c5 15.bxc5 bxc5
16.Rab1 Ng5 17.Nxg5 Qxg5 18.d5 Bc8 19.Bc3 f5 20.Bd2 f4 21.exf4 exf4 22.Rb3 Ne5
23.f3 a4 24.Rc3 Qf6 25.Re1 Bf5 26.Qd1 Qh4 27.Bf1 Rf6 28.Rxe5 dxe5 29.Be1 Qh5
30.d6 Rd8 31.Qd5+ Kh8 32.Qxc5 Rfxd6 33.Qxe5 Rd1 34.Qe2 Qe8 35.Qxe8+ Rxe8
36.Bf2 Rb8  0-1

[Event "ECC"]
[Site "Rethymnon GRE"]
[Date "2003.09.29"]
[Round "2"]
[White "Lahno,Kateri"]
[Black "Logothetis,S"]
[Result "1/2-1/2"]
[WhiteElo "2439"]
[BlackElo "2255"]

1.e4 c6 2.d4 d5 3.e5 Bf5 4.Nc3 e6 5.g4 Bg6 6.Nge2 c5 7.Be3 cxd4 8.Nxd4 Bb4
9.Qd2 Ne7 10.a3 Ba5 11.O-O-O Nbc6 12.Bb5 Rc8 13.h4 h5 14.gxh5 Bxh5 15.Rdg1 a6
16.Bxc6+ Nxc6 17.Nxc6 Rxc6 18.Bd4 g6 19.Qe3 Bb6 20.Bxb6 Qxb6 21.Qxb6 Rxb6
22.f4 Ke7 23.Rg3 Rc6 24.Kd2 Rc4 25.Rf1 Rhc8 26.b3 R4c6 27.Rc1 Rf8 28.Re1 Rfc8
29.Rc1 Rf8  1/2-1/2

[Event "ECC"]
[Site "Rethymnon GRE"]
[Date "2003.09.30"]
[Round "3"]
[White "Greenfeld,A"]
[Black "Lahno,Kateri"]
[Result "1-0"]
[WhiteElo "2556"]
[BlackElo "2439"]

1.Nf3 Nf6 2.c4 e6 3.d4 b6 4.g3 Bb7 5.Bg2 Be7 6.O-O O-O 7.Re1 Ne4 8.Nfd2 d5
9.cxd5 exd5 10.Nxe4 dxe4 11.Nc3 f5 12.Bf4 Kh8 13.Qb3 Na6 14.Rad1 Nb4 15.d5 a5
16.d6 cxd6 17.a3 Na6 18.Nd5 Bxd5 19.Qxd5 Qd7 20.Bh3 Rad8 21.f3 Nc7 22.Qb7 Rb8
23.Qxe4 fxe4 24.Bxd7 Rbd8 25.Bc6 Ne6 26.Be3 Bf6 27.Bxb6 Rb8 28.Ba7 Rxb2 29.Rxd6 Ng5
30.f4 Nf7 31.Rd7 Nh6 32.Bxe4 Bc3 33.Red1 Rxe2 34.Rd8 Kg8 35.Bd5+ Nf7 36.Rd7  1-0

[Event "ECC"]
[Site "Rethymnon GRE"]
[Date "2003.10.01"]
[Round "4"]
[White "Belozerov,A"]
[Black "Lahno,Kateri"]
[Result "0-1"]
[WhiteElo "2541"]
[BlackElo "2439"]

1.d4 Nf6 2.c4 e6 3.Nc3 Bb4 4.Qc2 O-O 5.e4 d5 6.e5 Ne4 7.a3 Bxc3+ 8.bxc3 c5
9.Bd3 cxd4 10.cxd4 Qa5+ 11.Kf1 f5 12.exf6 Nxf6 13.Bd2 Qc7 14.cxd5 Qxc2 15.Bxc2 exd5
16.Bb4 Re8 17.f3 Nc6 18.Ne2 Bd7 19.Bd3 Re3 20.Rd1 Rae8 21.Be1 Bf5 22.Bxf5 Rxe2
23.Bd2 Nxd4 24.Bd3 R2e6 25.Kf2 a6 26.Rhe1 Kf7 27.Rxe6 Nxe6 28.Rc1 Re7 29.Ba5 g6
30.a4 Nd7 31.Bb4 Ne5 32.Bf1 Rd7 33.g3 Nd4 34.Rc8 Ndc6 35.Bd2 Kg7 36.f4 Nc4
37.Be1 Nb6 38.Re8 Nxa4 39.Bg2 Nc5 40.Bc3+ d4 41.Ba1 Nb3 42.Bb2 Nca5 43.Bh3 Rc7
44.Ba3 Nc4 45.Bb4 a5 46.Bf8+ Kf7 47.Rd8 Ne3 48.Bd6 Rc2+ 49.Kg1 Nf5 50.Be5 Rc1+
51.Kf2 Nc5 52.g4 Nd3+ 53.Ke2 Nxe5 54.gxf5 d3+ 55.Kd2 Rc2+ 56.Kd1 Nc4 57.Rxd3 Rxh2
58.Rd7+ Kf6 59.Rxh7 Ne3+ 60.Ke1 Nxf5 61.Kf1 a4 62.Kg1 Rb2 63.Bg2 a3 64.Bd5 Ng7
65.Rh8 Ne6 66.Ra8 Nxf4 67.Bg8 Kg7  0-1

[Event "ECC"]
[Site "Rethymnon GRE"]
[Date "2003.10.03"]
[Round "6"]
[White "Lahno,Kateri"]
[Black "Ivanov,Se1"]
[Result "1/2-1/2"]
[WhiteElo "2439"]
[BlackElo "2556"]

1.e4 e6 2.d4 d5 3.Nc3 Bb4 4.exd5 exd5 5.Bd3 Nc6 6.Ne2 Nge7 7.O-O Bf5 8.Ng3 Bxd3
9.Qxd3 Qd7 10.a3 Bxc3 11.bxc3 h5 12.a4 h4 13.Ne2 h3 14.g3 Na5 15.Ba3 O-O-O
16.Bb4 Nec6 17.Rfe1 Nc4 18.a5 Rde8 19.a6 b6 20.Kf1 Re4 21.Ng1 Rhe8 22.Rxe4 Rxe4
23.Re1 Qe6 24.Re2 Nb8 25.Bf8 g6 26.f3 Rxe2 27.Qxe2 Kd7 28.Qxe6+ Kxe6 29.Nxh3 f6
30.Bh6 g5 31.Ke2 Nxa6 32.g4 c6 33.f4 gxf4 34.Bxf4 Nd6 35.g5 Nc7 36.g6 Nce8
37.Bxd6 Nxd6 38.Nf4+ Ke7 39.h4 a5 40.h5 Nf5 41.Kd2 Nh6 42.Kc1 f5 43.Nd3 a4
44.Ne5 c5 45.dxc5 bxc5 46.Kb2 Kf6 47.Nf3 f4 48.Ka3 Kf5 49.Kxa4 Kg4 50.Nd2 Kxh5
51.Kb5 Kxg6 52.Kxc5 Nf5 53.Kxd5 Ne3+ 54.Ke4 Nxc2 55.Kxf4 Kf6 56.Ke4 Ke6 57.Nc4 Na1
58.Na5 Nc2 59.c4 Kd6 60.Kd3 Na3  1/2-1/2

[Event "Premier"]
[Site "Hastings ENG"]
[Date "2003.12.28"]
[Round "1"]
[White "Epishin,V"]
[Black "Lahno,Kateri"]
[Result "1-0"]
[WhiteElo "2658"]
[BlackElo "2486"]

1.d4 Nf6 2.c4 e6 3.Nf3 b6 4.g3 Bb7 5.Bg2 Be7 6.Nc3 O-O 7.O-O Ne4 8.Bd2 f5
9.Re1 Bf6 10.Qc2 d6 11.Rad1 Nxc3 12.Bxc3 Be4 13.Qa4 Qe8 14.Qxe8 Rxe8 15.Bh3 Bb7
16.Nd2 Nd7 17.e4 g6 18.Bg2 Rab8 19.f4 Kf7 20.e5 Bxg2 21.Kxg2 dxe5 22.fxe5 Bh8
23.d5 h6 24.Nf3 Nc5 25.Nd4 a5 26.dxe6+ Nxe6 27.Nc6 Rbc8 28.Rd7+ Kf8 29.b4 a4
30.Red1 Bg7 31.R1d5 Ra8 32.a3 Kg8 33.Ne7+ Kh7 34.Rd1 Rad8 35.Nc6 Rxd7 36.Rxd7 Kg8
37.Ne7+ Kh7 38.Nd5 Kh8 39.Nxc7 Nxc7 40.Rxc7 Bxe5 41.Bxe5+ Rxe5 42.Rc6 Re2+
43.Kf3 Rxh2 44.Rxg6 Rc2 45.Rxh6+ Kg7 46.Rc6 Rc3+ 47.Kf4 Kf7 48.Kxf5 Rxg3
49.Rxb6 Ke7 50.Ke5 Kd7 51.Ra6 Rxa3 52.Kd5 Ra1 53.c5 a3 54.Ra7+ Kc8 55.b5 Kb8
56.b6 Rd1+ 57.Kc6 Rd3 58.Rh7 Rd8 59.Rb7+  1-0

[Event "Premier"]
[Site "Hastings ENG"]
[Date "2003.12.29"]
[Round "2"]
[White "Lahno,Kateri"]
[Black "Cherniaev,A1"]
[Result "1/2-1/2"]
[WhiteElo "2486"]
[BlackElo "2476"]

1.e4 c5 2.Nf3 Nc6 3.d4 cxd4 4.Nxd4 Nf6 5.Nc3 e5 6.Ndb5 d6 7.Bg5 a6 8.Na3 b5
9.Bxf6 gxf6 10.Nd5 f5 11.Bd3 Be6 12.O-O Bxd5 13.exd5 Ne7 14.c3 Bg7 15.Qh5 e4
16.Bc2 Qc8 17.Rae1 O-O 18.Bb3 a5 19.Nxb5 a4 20.Bd1 Qd7 21.Nd4 Ra5 22.f3 Rxd5
23.fxe4 fxe4 24.Qh4 f5 25.Bxa4 Qxa4 26.Qxe7 Bxd4+ 27.cxd4 Qxd4+ 28.Kh1 Qe5
29.Qxe5 Rxe5 30.Rd1 d5 31.g3 Rb8 32.Rf2 Rb4 33.Rfd2 e3 34.Re2 d4 35.Kg2 Re4
36.Kf3 Rc4 37.Rb1 Kf7 38.b4 Ke6 39.a4 Kd5 40.a5 Re8 41.b5 Ra4 42.a6 Ra5 43.Kf4 Ra3
44.Kf3 Ra4 45.h3 Ra5 46.Kf4 Ra3 47.Kf3 Ra4 48.h4 h5 49.b6 Rxa6 50.b7 Rb8
51.Rc2 Rc6 52.Rxc6 Kxc6 53.Rd1  1/2-1/2

[Event "Premier"]
[Site "Hastings ENG"]
[Date "2003.12.30"]
[Round "3"]
[White "Nielsen,PH"]
[Black "Lahno,Kateri"]
[Result "1-0"]
[WhiteElo "2626"]
[BlackElo "2486"]

1.Nf3 Nf6 2.c4 e6 3.Nc3 Bb4 4.Qc2 O-O 5.a3 Bxc3 6.Qxc3 b6 7.e3 Bb7 8.Be2 d6
9.O-O Nbd7 10.b4 e5 11.Bb2 a5 12.d4 Ne4 13.Qc2 Qe7 14.c5 bxc5 15.bxc5 dxc5
16.dxe5 Kh8 17.Rab1 Bd5 18.Rfd1 c6 19.Bc4 Qe6 20.Qxe4 Bxe4 21.Bxe6 fxe6 22.Rbc1 Nb6
23.Nd2 Bg6 24.Nb3 Na4 25.Ba1 Rfb8 26.Nxc5 Nxc5 27.Rxc5 Ra6 28.Bc3 a4 29.Bb4 Be4
30.f3 Bd5 31.e4 Bb3 32.Rd6 Rc8 33.Kf2 h6 34.h4 Rb6 35.Ke3 Kh7 36.h5 Ra6 37.f4 Kg8
38.f5 Re8 39.Rd7 exf5 40.exf5 Bd5 41.e6 Rea8 42.Rcxd5 cxd5 43.Bc5 Kh8 44.Bd4 Rg8
45.Re7 Raa8 46.f6  1-0

[Event "Premier"]
[Site "Hastings ENG"]
[Date "2004.01.05"]
[Round "9"]
[White "Gormally,D"]
[Black "Lahno,Kateri"]
[Result "1/2-1/2"]
[WhiteElo "2471"]
[BlackElo "2486"]

1.d4 Nf6 2.Nf3 e6 3.c4 b6 4.g3 Bb7 5.Bg2 Be7 6.O-O O-O 7.Nc3 Ne4 8.Bd2 f5
9.Qc2 Bf6 10.Rad1 Nxc3 11.Bxc3 Be4 12.Qa4 d5 13.Bh3 dxc4 14.Nd2 Bd5 15.Nxc4 Bc6
16.Qb3 Qd5 17.e4 Qxe4 18.d5 exd5 19.Ne3 Ba4 20.Qxd5+ Qxd5 21.Nxd5 Bxc3 22.Nxc7 Bxd1
23.Rxd1 Bxb2 24.Nxa8 Na6 25.Bf1 Rxa8 26.Bxa6 Ba3 27.Rd7 Bb2 28.Rd1 Kf7 29.Rd7+ Ke6
30.Rc7 Bf6  1/2-1/2

[Event "6th Open"]
[Site "Dubai UAE"]
[Date "2004.04.21"]
[Round "3"]
[White "Paridar,S"]
[Black "Lahno,Kateri"]
[Result "1-0"]
[WhiteElo "2265"]
[BlackElo "2493"]

1.e4 d6 2.d4 Nf6 3.Nc3 g6 4.f3 Bg7 5.Be3 c6 6.Qd2 b5 7.Bh6 Bxh6 8.Qxh6 Nbd7
9.h4 Bb7 10.d5 cxd5 11.Bxb5 Qa5 12.exd5 Nxd5 13.Ne2 O-O-O 14.O-O-O N7f6 15.Qd2 Qb6
16.Bc4 e6 17.h5 Rhe8 18.Bb3 Kb8 19.hxg6 hxg6 20.Rh4 Qe3 21.Nxd5 Nxd5 22.Bxd5 Qxd2+
23.Rxd2 Bxd5 24.c4 Bc6 25.Nc3 Kc7 26.Rh7 Rd7 27.b4 Rb8 28.a3 Rbd8 29.Rh1 a6
30.a4 a5 31.bxa5 Ra8 32.Nb5+ Bxb5 33.cxb5 Rxa5 34.Rh4 d5 35.Kb2 g5 36.Rhd4 Kb7
37.g4 f6 38.Kb3 Rc7 39.Re2 e5 40.Rxd5 Rc1 41.Kb4 Ra8 42.Rd7+ Kc8 43.Red2 Rb1+
44.Kc5 Rc1+ 45.Kb6 Rb8+ 46.Ka7  1-0

[Event "6th Open"]
[Site "Dubai UAE"]
[Date "2004.04.23"]
[Round "5"]
[White "Jasim,A"]
[Black "Lahno,Kateri"]
[Result "0-1"]
[WhiteElo "2258"]
[BlackElo "2493"]

1.Nf3 Nf6 2.g3 g6 3.b3 Bg7 4.Bb2 O-O 5.Bg2 d5 6.c4 c6 7.O-O Re8 8.d3 Nbd7
9.Nbd2 b6 10.a4 Bb7 11.a5 c5 12.a6 Bc6 13.b4 dxc4 14.Nxc4 cxb4 15.Qb3 Nc5
16.Qxb4 Rc8 17.Nce5 Bd5 18.Ng5 h6 19.Ngf3 Qd6 20.Nc4 Qb8 21.Ne3 Bc6 22.d4 Ncd7
23.Qb3 e6 24.Rfc1 Be4 25.Nc4 Bd5 26.Qd3 b5 27.Ncd2 Qb6 28.e4 Rxc1+ 29.Bxc1 Ba8
30.Bf1 Rb8 31.Ne1 Nxe4 32.Nxe4 Qxd4 33.Qxd4 Bxd4 34.Rb1 Bxe4  0-1

[Event "6th Open"]
[Site "Dubai UAE"]
[Date "2004.04.24"]
[Round "6"]
[White "Lahno,Kateri"]
[Black "Kayumov,S"]
[Result "1/2-1/2"]
[WhiteElo "2493"]
[BlackElo "2418"]

1.e4 e5 2.Nf3 Nc6 3.Bb5 Nf6 4.d3 d6 5.c3 g6 6.O-O Bg7 7.Nbd2 O-O 8.Re1 a6
9.Ba4 b5 10.Bc2 Bb7 11.Nf1 Nb8 12.Ne3 Nbd7 13.Bd2 Re8 14.c4 c6 15.b4 d5 16.c5 Qc7
17.Bb3 Nf8 18.Rc1 Rad8 19.Nc2 h6 20.Qe2 Nh5 21.Rcd1 Bc8 22.Bc1 Kh7 23.h3 Ne6
24.Bb2 Nhf4 25.Qf1 Ng5 26.Nxg5+ hxg5 27.f3 a5 28.a3 a4 29.Ba2 Be6 30.Bc1 dxe4
31.Bxe6 exd3 32.Bxf4 dxc2 33.Rxd8 Qxd8  1/2-1/2

[Event "6th Open"]
[Site "Dubai UAE"]
[Date "2004.04.25"]
[Round "7"]
[White "Satyapragyan,S"]
[Black "Lahno,Kateri"]
[Result "1/2-1/2"]
[WhiteElo "2351"]
[BlackElo "2493"]

1.e4 e6 2.d4 d5 3.Nd2 c5 4.exd5 Qxd5 5.Ngf3 cxd4 6.Bc4 Qd6 7.Qe2 Nf6 8.Nb3 Nc6
9.Bg5 Qb4+ 10.Bd2 Qb6 11.O-O-O Bd7 12.Bg5 Bc5 13.Ne5 Nxe5 14.Qxe5 Bd6 15.Qxd4 Qxd4
16.Nxd4 Bc5 17.Rhe1 O-O-O 18.f3 Rhe8  1/2-1/2

[Event "6th Open"]
[Site "Dubai UAE"]
[Date "2004.04.27"]
[Round "8"]
[White "Lahno,Kateri"]
[Black "Simonsen,H"]
[Result "1-0"]
[WhiteElo "2493"]
[BlackElo "2243"]

1.e4 e6 2.d4 d5 3.Nc3 Bb4 4.e5 c5 5.a3 Bxc3+ 6.bxc3 Ne7 7.Qg4 O-O 8.Bd3 Nbc6
9.Qh5 Ng6 10.Nf3 Qc7 11.Be3 c4 12.Bxg6 fxg6 13.Qg4 Bd7 14.h4 Rf5 15.h5 gxh5
16.Rxh5 Rxh5 17.Qxh5 Rf8 18.Kd2 Be8 19.Qh3 Rxf3 20.Qxf3 Bg6 21.Qh3 Qd7 22.g4 a6
23.Bg5 Na7 24.a4 Nc8 25.Qh4 h6 26.Be3 Nb6 27.a5 Nc8 28.f4 Ne7 29.Kd1 Be4
30.Bc1 Nc6 31.Qg3 Qf7 32.Ra2 Qg6 33.Qh3 Na7 34.Be3 Nb5 35.Kd2 Bxc2 36.f5 exf5
37.Rxc2 fxg4 38.Qf1 Na3 39.Rb2 g3 40.Kc1 Qe4 41.Bg1 g2 42.Qd1 Qf4+ 43.Rd2 Qf5
44.Kb2  1-0

[Event "Accentus Ladies"]
[Site "Biel SUI"]
[Date "2004.07.19"]
[Round "1"]
[White "Lahno,Kateri"]
[Black "Paehtz,E"]
[Result "1-0"]
[WhiteElo "2472"]
[BlackElo "2396"]

1.e4 c5 2.Nf3 d6 3.d4 cxd4 4.Nxd4 Nf6 5.Nc3 a6 6.Bc4 e6 7.Bb3 Nbd7 8.Bg5 Qa5
9.Qd2 h6 10.Be3 Nc5 11.O-O Qc7 12.f4 Ncxe4 13.Nxe4 Nxe4 14.Qe2 g6 15.Nxe6 Bxe6
16.Bxe6 Bg7 17.Bd5 Qe7 18.Bb6 Nc5 19.Rae1 Qxe2 20.Rxe2+ Kd7 21.Bxf7 Bxb2
22.Bxg6 Kc6 23.Bxc5 dxc5 24.Re7 Bd4+ 25.Kh1 b5 26.Rfe1 Kb6 27.R1e6+ Ka5 28.Be4 Raf8
29.g3 c4 30.Rd7 Bc5 31.Bb7 Re8 32.Rxa6+ Kb4 33.Rd5 Re1+ 34.Kg2 Re2+ 35.Kf3 Rf2+
36.Kg4 h5+ 37.Kh3 Be3 38.c3+ Kxc3 39.Ra3+ Kb2 40.Rxe3 b4 41.Rb5 b3 42.Bd5  1-0

[Event "Accentus Ladies"]
[Site "Biel SUI"]
[Date "2004.07.21"]
[Round "3"]
[White "Lahno,Kateri"]
[Black "Radziewicz,I"]
[Result "1/2-1/2"]
[WhiteElo "2472"]
[BlackElo "2431"]

1.e4 e6 2.d4 d5 3.Nc3 Nf6 4.Bg5 Be7 5.e5 Nfd7 6.Bxe7 Qxe7 7.f4 O-O 8.Qd2 c5
9.Nf3 Nc6 10.dxc5 f6 11.exf6 Qxf6 12.g3 Nxc5 13.O-O-O Rd8 14.Qe1 a6 15.Bg2 b6
16.Ne2 Bd7 17.Ned4 Rac8 18.Kb1 a5 19.Qe3 Be8 20.g4 Nxd4 21.Nxd4 Bg6 22.f5 exf5
23.gxf5 Bh5 24.Rde1 Bf7 25.Qe5 Re8 26.Qxf6 gxf6 27.Nb5 Re5 28.Rxe5 fxe5 29.Rd1 Rd8
30.Nc7 e4 31.a3 Rd7 32.Nb5 a4 33.Nd4 Kg7 34.Kc1 Kf6 35.Kd2 Bh5 36.Rf1 Rg7
37.Rf2 Bf7 38.Ke3 Nd7 39.Kf4 Ne5 40.h3 Nc4 41.c3 Bh5 42.Bf1 Ne5 43.Nc2 Bf7
44.Ne3 h5 45.Rd2 Rg5 46.Be2 Be6 47.Nxd5+ Bxd5 48.Rxd5 Rxf5+ 49.Kxe4 Rf2 50.Bxh5 Nc4
51.Be8 Rxb2 52.Bxa4 Nxa3 53.Bd7 Nb1 54.Rd3 Re2+ 55.Kd4 Rd2 56.Rxd2 Nxd2 57.Kd5 Nb1
58.c4 Nd2 59.Bg4 Nxc4  1/2-1/2

[Event "Accentus Ladies"]
[Site "Biel SUI"]
[Date "2004.07.22"]
[Round "4"]
[White "Lahno,Kateri"]
[Black "Seps,M"]
[Result "1-0"]
[WhiteElo "2472"]
[BlackElo "2095"]

1.e4 c5 2.Nf3 d6 3.d4 cxd4 4.Nxd4 Nf6 5.Nc3 a6 6.Bc4 e6 7.Bb3 b5 8.Bg5 Be7
9.Qf3 Qb6 10.O-O-O Nbd7 11.Rhe1 Nc5 12.Nf5 exf5 13.Bxf6  1-0

[Event "Accentus Ladies"]
[Site "Biel SUI"]
[Date "2004.07.23"]
[Round "5"]
[White "Repkova,E"]
[Black "Lahno,Kateri"]
[Result "1-0"]
[WhiteElo "2411"]
[BlackElo "2472"]

1.e4 d6 2.d4 Nf6 3.Nc3 g6 4.f4 Bg7 5.Nf3 O-O 6.e5 dxe5 7.dxe5 Qxd1+ 8.Kxd1 Nh5
9.Be3 Bg4 10.Be2 Nc6 11.Ke1 f6 12.exf6 Bxf6 13.Nd5 Bxb2 14.Rb1 Bxf3 15.Bxf3 Bd4
16.Rxb7 Bxe3 17.Nxe3 Nd4 18.Bxh5 gxh5 19.c3 Nf5 20.Ke2 Nd6 21.Rxc7 Rxf4 22.Rxe7 Ra4
23.Rd1 Rxa2+ 24.Kf3 Rf8+ 25.Kg3 Re8 26.Rxe8+ Nxe8 27.Rd7 Nf6 28.Rc7 a5 29.Kf4 Ng4
30.Nd5 Nxh2 31.Nf6+ Kf8 32.g3 Nf1 33.Rxh7 Rf2+ 34.Kg5 Nxg3 35.Kg6 Rxf6+ 36.Kxf6 Ne4+
37.Ke5 Nxc3 38.Rc7 Ne2 39.Kf6 Kg8 40.Rg7+ Kh8 41.Re7 Nf4 42.Re4  1-0

[Event "Accentus Ladies"]
[Site "Biel SUI"]
[Date "2004.07.25"]
[Round "6"]
[White "Paehtz,E"]
[Black "Lahno,Kateri"]
[Result "1/2-1/2"]
[WhiteElo "2396"]
[BlackElo "2472"]

1.e4 e6 2.d4 d5 3.Nc3 Bb4 4.e5 c5 5.a3 Bxc3+ 6.bxc3 Ne7 7.Nf3 b6 8.Bb5+ Bd7
9.Bd3 Ba4 10.h4 h6 11.h5 c4 12.Be2 Kd7 13.Bf4 Qg8 14.Nd2 Qh7 15.Ra2 Na6 16.Nf1 Nc7
17.Qd2 Nc6 18.Ne3 b5 19.O-O a5 20.Bg3 Rhb8 21.Rfa1 Ne7  1/2-1/2

[Event "Accentus Ladies"]
[Site "Biel SUI"]
[Date "2004.07.28"]
[Round "9"]
[White "Lahno,Kateri"]
[Black "Repkova,E"]
[Result "1-0"]
[WhiteElo "2472"]
[BlackElo "2411"]

1.e4 d5 2.exd5 Qxd5 3.Nc3 Qa5 4.d4 c6 5.Bc4 Bf5 6.Nf3 Nf6 7.Bd2 e6 8.Nd5 Qd8
9.Nxf6+ gxf6 10.Bb3 Nd7 11.Qe2 Qc7 12.O-O-O O-O-O 13.Nh4 Bg6 14.g3 Bg7 15.Ng2 e5
16.dxe5 fxe5 17.Bb4 Nf6 18.Ne3 Bh6 19.Kb1 Bxe3 20.Rxd8+ Rxd8 21.Qxe3 b6 22.Qe2 c5
23.Bd2 Ne4 24.Be3 Qc6 25.Re1 b5 26.f3 Nf6 27.a3 c4 28.Ba2 e4 29.f4 Bh5 30.Qf1 a6
31.c3 Rd3 32.Ka1 Ng4 33.Qh3 f5 34.Qxh5 Nxe3 35.Bb1 Qd7 36.Bxd3 cxd3 37.Rxe3 Qd5
38.Qd1  1-0

[Event "Accentus Ladies"]
[Site "Biel SUI"]
[Date "2004.07.29"]
[Round "10"]
[White "Seps,M"]
[Black "Lahno,Kateri"]
[Result "0-1"]
[WhiteElo "2095"]
[BlackElo "2472"]

1.e4 d6 2.d4 Nf6 3.Nc3 g6 4.Be3 c6 5.Qd2 b5 6.Bd3 Nbd7 7.Nf3 Bb7 8.h3 Bg7
9.e5 b4 10.Ne2 dxe5 11.dxe5 Nd5 12.e6 fxe6 13.Ned4 Nc5 14.Bh6 Bf6 15.O-O Qd6
16.Rfe1 O-O-O 17.Rad1 e5 18.Nb3 Na4 19.Na5 Nxb2 20.Nxb7 Kxb7 21.Rb1 Nxd3
22.Qxd3 Ka8 23.Bd2 Nc3 24.Qxd6 exd6 25.Rxb4 Nd5 26.Rb3 Rhe8 27.Ba5 Rb8 28.c4 Rxb3
29.axb3 Nf4 30.Bc7 Re6 31.Re3 Kb7 32.Ba5 e4 33.Nd2 d5 34.Kf1 Bd4  0-1

[Event "73rd ch-UKR"]
[Site "Kharkiv UKR"]
[Date "2004.08.24"]
[Round "1.1"]
[White "Goloshchapov,A"]
[Black "Lahno,Kateri"]
[Result "1-0"]
[WhiteElo "2577"]
[BlackElo "2472"]

1.e4 d6 2.d4 Nf6 3.Nc3 g6 4.Be3 Bg7 5.Qd2 c6 6.f3 b5 7.g4 h5 8.g5 Nfd7 9.f4 Nb6
10.Nf3 O-O 11.Bd3 Qc7 12.a3 a5 13.Ne2 d5 14.e5 Bh3 15.f5 Bg2 16.Kf2 Bxh1
17.Rxh1 Nc4 18.Bxc4 dxc4 19.Nf4 Nd7 20.c3 Nb6 21.f6 Bh8 22.Qc2 e6 23.Nxh5 b4
24.Nf4 bxc3 25.bxc3 Nd5 26.h4 Rfb8 27.h5 Nxe3 28.Kxe3 c5 29.d5 exd5 30.Nxd5 Qd7
31.Ne7+ Kf8 32.hxg6 Bg7 33.Nf5 fxg6 34.Nxg7  1-0

[Event "Aeroflot Open B"]
[Site "Moscow RUS"]
[Date "2005.02.15"]
[Round "1"]
[White "Kosyrev,V"]
[Black "Lahno,Kateri"]
[Result "1/2-1/2"]
[WhiteElo "2539"]
[BlackElo "2454"]

1.d4 Nf6 2.c4 g6 3.Nc3 Bg7 4.e4 d6 5.Nf3 O-O 6.h3 e5 7.d5 a5 8.Bg5 Na6 9.g4 Nc5
10.Nd2 c6 11.Be2 Bd7 12.Be3 Qb8 13.g5 Ne8 14.Nb3 Nxb3 15.Qxb3 f5 16.Na4 Qd8
17.Nb6 a4 18.Qd3 Rb8 19.Nxd7  1/2-1/2

[Event "Aeroflot Open B"]
[Site "Moscow RUS"]
[Date "2005.02.19"]
[Round "5"]
[White "Kabanov,N"]
[Black "Lahno,Kateri"]
[Result "1/2-1/2"]
[WhiteElo "2498"]
[BlackElo "2454"]

1.g3 g6 2.Bg2 Bg7 3.c4 Nf6 4.Nc3 O-O 5.Nf3 d6 6.O-O Nc6 7.Rb1 e5 8.d3 a5
9.a3 Re8 10.e4 Bd7 11.h3 Qc8 12.Kh2 Nd8 13.b4 axb4 14.axb4 Ne6 15.Be3 c5
16.Nd5 Nxd5 17.exd5 Nd4 18.Bxd4 cxd4 19.Ng5 f5 20.c5 h6 21.Ne6 Bxe6 22.dxe6 dxc5
23.bxc5 Qxc5 24.Rxb7 Rab8 25.Qa4 Kh7 26.Ra1 Rxb7 27.Qxe8 Re7 28.Qd8 Qc7 29.Qd5 Qb6
30.Ra8 Qxe6 31.Qxe6  1/2-1/2

[Event "Aeroflot Open B"]
[Site "Moscow RUS"]
[Date "2005.02.23"]
[Round "9"]
[White "Savchenko,B"]
[Black "Lahno,Kateri"]
[Result "1/2-1/2"]
[WhiteElo "2484"]
[BlackElo "2454"]

1.e4 d6 2.d4 g6 3.Nc3 Bg7 4.f4 Nf6 5.Nf3 O-O 6.Bd3 Na6 7.O-O c5 8.d5 Bg4
9.Bc4 Nc7 10.a4 a6 11.Qe1 Rb8 12.a5 e6 13.dxe6 Nxe6 14.Qg3 Bxf3 15.Qxf3 Nd4
16.Qd3 Nc6 17.f5 Ng4 18.Qg3 Nge5 19.Bd5 Nd4 20.Bg5 Qd7 21.h4 h6 22.Bd2 Kh7
23.Qf4 Rfe8 24.Rf3 Nexf3+ 25.gxf3 Qe7 26.Rc1 Qf6 27.Kf2 Kh8 28.fxg6 fxg6
29.Qxf6 Bxf6 30.Bxh6 Re7 31.Kg2 Rh7 32.Bf4 Rd8 33.Bg3 Rdd7 34.Na4 Ne2 35.Rd1 Nxg3
36.Kxg3 Bxh4+ 37.Kg2 Bf6 38.Be6 Rd8 39.f4 Kg7 40.Rd3 Kf8 41.Bd5 Re8 42.Rb3  1/2-1/2

[Event "TCh-RUS w"]
[Site "Sochi RUS"]
[Date "2005.04.19"]
[Round "1"]
[White "Lahno,Kateri"]
[Black "Zhukova,N"]
[Result "1/2-1/2"]
[WhiteElo "2467"]
[BlackElo "2479"]

1.e4 e5 2.Nf3 Nc6 3.Bb5 Nf6 4.O-O Nxe4 5.d4 Nd6 6.Bxc6 dxc6 7.dxe5 Nf5 8.Qxd8+ Kxd8
9.Nc3 Ne7 10.h3 h6 11.Ne4 Ng6 12.b3 c5 13.Bb2 Be6 14.c4 Be7 15.Ng3 h5 16.Rad1+ Ke8
17.Bc1 h4 18.Ne4 Rh5 19.Rfe1 Rd8 20.Rxd8+ Kxd8 21.Nfg5 Bxg5 22.Bxg5+ Kc8
23.f4 b6 24.Rf1 Bd7 25.Kf2 Nf8 26.Ke3 Ne6 27.Rd1 Bc6 28.Rd2 Nd4 29.Nc3 Nf5+
30.Kf2 Rh8 31.Nd5 Bxd5 32.Rxd5 c6 33.Rd2 Rf8 34.Kf3 f6 35.Bxh4 Nxh4+ 36.Kg4 Rh8
37.exf6 gxf6 38.f5 Kc7 39.Rf2 Kd6 40.g3 Ke5 41.Re2+ Kd4 42.gxh4 b5 43.cxb5 cxb5
44.Re6 Rh6 45.Ra6 c4 46.bxc4 bxc4 47.Rxa7 c3 48.Rc7 Kd3 49.a4 c2 50.a5 Rh7
51.Rc6 Ra7 52.Kh5 Rxa5 53.Kg6 Ra3 54.Rxc2 Kxc2 55.Kxf6 Rxh3 56.Ke7 Rxh4  1/2-1/2

[Event "TCh-RUS w"]
[Site "Sochi RUS"]
[Date "2005.04.23"]
[Round "5"]
[White "Lahno,Kateri"]
[Black "Sudakova,I"]
[Result "1-0"]
[WhiteElo "2467"]
[BlackElo "2387"]

1.e4 e5 2.Nf3 Nf6 3.Nxe5 d6 4.Nf3 Nxe4 5.d4 d5 6.Bd3 Bd6 7.O-O O-O 8.c4 c6
9.Qc2 Na6 10.a3 Bg4 11.Ne5 Bxe5 12.dxe5 Nac5 13.f3 Nxd3 14.Qxd3 Nc5 15.Qd4 Nb3
16.Qxg4 Nxa1 17.Bh6 g6 18.Nc3 Qb6+ 19.Rf2 Rfe8 20.Qf4 Re6 21.cxd5 cxd5 22.Nxd5 Qc5
23.Nf6+ Kh8 24.Nd7 Qe7 25.Rd2 Nb3 26.Rd5 Qe8 27.Qh4 Rc8 28.Nf6 Qc6 29.Be3 h5
30.Qg5 Rxf6 31.Qxf6+ Kg8 32.Qxc6 bxc6 33.Rd3 Na5 34.Rc3 a6 35.Bg5 Nb7 36.Kf2 Nd8
37.Bxd8 Rxd8 38.Rxc6 Rd2+ 39.Kg3 Rxb2 40.Rxa6 Ra2 41.a4 Kf8 42.Ra7 Kg8 43.a5 Kf8
44.a6 Kg8 45.f4 Kf8 46.Kf3 Kg8 47.Ra8+ Kg7 48.a7 Ra4 49.g3 Kh7 50.h3 Kg7
51.g4 hxg4+ 52.hxg4 Ra3+ 53.Ke4 Ra4+ 54.Kd5 Ra5+ 55.Kc6 Ra2 56.f5 gxf5 57.gxf5 Ra5
58.Kb6  1-0

[Event "TCh-RUS w"]
[Site "Sochi RUS"]
[Date "2005.04.25"]
[Round "7"]
[White "Lahno,Kateri"]
[Black "Melnikova,Y"]
[Result "1-0"]
[WhiteElo "2467"]
[BlackElo "2301"]

1.e4 c5 2.Nf3 Nc6 3.d4 cxd4 4.Nxd4 Nf6 5.Nc3 d6 6.Bg5 e6 7.Qd2 Qb6 8.Bxf6 gxf6
9.Nb3 Bd7 10.O-O-O a6 11.f4 O-O-O 12.Be2 h5 13.Rhf1 Kb8 14.Kb1 Rc8 15.Rf3 h4
16.Qe1 Be7 17.Rh3 Nb4 18.Rxh4 Rxh4 19.Qxh4 a5 20.Qh5 Qe3 21.Bb5 Rxc3 22.bxc3 Qxc3
23.Nd4 Qa3 24.Bc4 d5 25.Qf3 Qa4 26.Bb3 Qa3 27.exd5 e5 28.fxe5 fxe5 29.Ne2 b5
30.d6 e4 31.dxe7 Nd3 32.Qg3+  1-0

[Event "TCh-RUS w"]
[Site "Sochi RUS"]
[Date "2005.04.27"]
[Round "9"]
[White "Pogonina,N"]
[Black "Lahno,Kateri"]
[Result "1/2-1/2"]
[WhiteElo "2355"]
[BlackElo "2467"]

1.e4 e5 2.Nf3 Nf6 3.Nc3 Nc6 4.d4 exd4 5.Nxd4 Bb4 6.Nxc6 bxc6 7.Bd3 d5 8.exd5 O-O
9.O-O cxd5 10.Bg5 c6 11.Na4 h6 12.Bh4 Re8 13.c3 Bf8 14.Re1 Rxe1+ 15.Qxe1 c5
16.Qe3 g5 17.Bg3 Qa5 18.b3 Bd7 19.Qf3 Bg7 20.Be5 g4 21.Qg3 Bxa4 22.bxa4 Qxa4
23.Qh4 Nd7 24.Bxg7 Kxg7 25.Qe7 c4 26.Bc2 Qc6 27.Rb1 Nf6 28.g3 Qe8 29.Qb7 a5
30.Kf1 Rd8 31.Qb6 d4 32.Re1 Qd7 33.cxd4 Qxd4 34.Qxa5 c3 35.Qa4 Qd5 36.Kg1 Ra8
37.Qb3 Rxa2 38.Qxc3 Qa5  1/2-1/2